Countries mentioned in the Wikipedia Page of France - Statistics

General Stats
  • This quiz has been taken 2,656 times
    2,316 since last reset
  • The average score is 28 of 39
Answer Stats
Frequency Context Country % Correct
22 Shares a land border with ... Germany
99%
10 Shares a land border with ... Spain
99%
12 The Eurostar connects with the ... United Kingdom
99%
24 Is the world's top tourist destination, ahead of ... United States
99%
14 Shares a land border with ... Italy
98%
5 Shares a land border with ... Belgium
97%
6 Shares a land border with ... Switzerland
95%
5 Shares a land border with ... Luxembourg
93%
16 The independence of its Northwest African possessions, ... Algeria
92%
8 Is the fifth largest grower of wheat, after ... Russia
92%
4 Shares a land border with ... Andorra
90%
4 is the fifth largest grower of wheat, after ... China
89%
2 Shares a land border with ... Brazil
88%
3 The independence of its Northwest African possessions, ... Morocco
87%
2 Shares a land border with ... Netherlands
86%
3 Shares a land border with ... Monaco
85%
2 Is ranked 19th by carbon dioxide emissions, behind nations such as ... Canada
81%
2 By 2010, ... was awarded as many Michelin stars as France. Japan
80%
1 France vigorously opposed the 2003 invasion of ... Iraq
78%
2 The Jewish community in France is the third largest in the world after ... Israel
78%
2 is the fifth largest grower of wheat, after ... India
76%
1 Only ... derive a majority of electricity from nuclear power. Ukraine
76%
6 On 20 April 1792, they declared war on ... Austria
74%
2 Shares a land border with ... Suriname
71%
2 Directors from nations such as ... Poland
67%
1 The first colonial presence in Africa since Napoleon's abortive invasion of ... Egypt
65%
1 Napoleon III multiplied French interventions abroad, especially in ... Mexico
65%
1 Many foreign Roma are expelled back to ... Romania
65%
2 ... increase in the number of immigrants coming from ... Portugal
64%
2 Is ranked 19th by carbon dioxide emissions, behind nations such as ... Australia
61%
3 Granted citizenship to 137,000 persons, mostly from ... Turkey
60%
2 After the unilateral declaration of independence of Northern ... Mali
51%
1 Many foreign Roma are expelled back to ... Bulgaria
50%
1 Directors from nations such as ... Argentina
38%
1 Supplied economic aid and troops for peacekeeping missions in ... Chad
36%
1 Is the fifth biggest military spender in the world after ... Saudi Arabia
33%
1 Supplied economic aid and troops for peacekeeping missions in ... Ivory Coast
29%
1 Only ... derive a majority of electricity from nuclear power. Slovakia
24%
1 Directors from nations such as ... Georgia
7%
No matching quizzes found
Score Distribution
Percent of People with Each Score
Percentile by Number Answered
Your Score History
You have not taken this quiz since the last reset